[Event "Top 16 Groupe B"]
[Site "Chartres, France"]
[Date "2024.06.04"]
[Round "6.5"]
[White "Ollier, Milan"]
[Black "Le Roux, Jean-Pierre"]
[Result "0-1"]
[WhiteElo "2179"]
[BlackElo "2473"]
[PlyCount "34"]
[EventDate "2024.??.??"]

1. e4 {2} c6 {22} 2. Nf3 {81} d5 {17} 3. Nc3 {10} Bg4 {80} 4. h3 {28} Bxf3 {7}
5. Qxf3 {7} Nf6 {7} 6. Be2 {84} g6 {600} 7. O-O {156} Bg7 {92} 8. Rd1 {304} e5
{1636} 9. d3 {352} h6 {430} 10. g3 {429} O-O {148} 11. Qg2 {108} Na6 {13} 12.
a3 {902} Qd6 {773} 13. Kh1 {454} Qc5 {186} 14. f4 {1165} d4 {85} 15. Nb1 {561}
Qxc2 {121} 16. b4 {120} exf4 {381} 17. gxf4 {30} Nxe4 {56} 0-1

[Event "Top 16 Groupe B"]
[Site "Chartres, France"]
[Date "2024.06.04"]
[Round "6.6"]
[White "Bellahcene, Bilel"]
[Black "Ronce, Nathan"]
[Result "1/2-1/2"]
[WhiteElo "2519"]
[BlackElo "2189"]
[PlyCount "144"]
[EventDate "2024.??.??"]

1. e4 {173} e5 {11} 2. Nf3 {20} Nc6 {8} 3. Bb5 {4} a6 {39} 4. Ba4 {5} Nf6 {9}
5. O-O {11} Nxe4 {49} 6. d4 {86} Be7 {18} 7. Re1 {51} b5 {247} 8. Rxe4 {4} d5 {
44} 9. Nxe5 {3} Nxe5 {36} 10. Rxe5 {1} bxa4 {25} 11. Qe2 {7} Be6 {130} 12. f4 {
2} Kf8 {131} 13. Nc3 {110} Bf6 {531} 14. Nxa4 {239} Bxe5 {32} 15. fxe5 {4} Qh4
{23} 16. Be3 {23} Qg4 {185} 17. Qf2 {1053} h5 {259} 18. h4 {189} Qg6 {747} 19.
Nc5 {76} Kg8 {413} 20. Rf1 {167} Kh7 {290} 21. Bg5 {170} Rhf8 {747} 22. Kh2 {
190} Bg4 {314} 23. Nd3 {133} Rae8 {323} 24. Nf4 {1829} Qc6 {39} 25. Qd2 {143}
Qb5 {626} 26. Rf2 {507} a5 {136} 27. a4 {178} Qxb2 {87} 28. Nxd5 {50} c5 {84}
29. Bf6 {710} Qxd4 {115} 30. Qg5 {7} g6 {183} 31. Rd2 {13} Qe4 {270} 32. Be7 {
162} Qf5 {83} 33. Bxf8 {44} Rxf8 {77} 34. Qe3 {39} Kg7 {39} 35. Nf6 {11} Rc8 {
37} 36. Rf2 {30} Qe6 {11} 37. Qg5 {19} c4 {19} 38. Nxg4 {63} hxg4 {17} 39. Rf6
{4} Qd5 {28} 40. Rd6 {59} Qe4 {104} 41. Qf6+ {344} Kh6 {1331} 42. e6 {33} Rf8 {
64} 43. exf7 {71} Rxf7 {38} 44. Qg5+ {254} Kh7 {145} 45. h5 {3} Qf4+ {121} 46.
Qxf4 {3} Rxf4 {4} 47. Rxg6 {154} c3 {275} 48. Kg3 {99} Rxa4 {10} 49. Rc6 Re4 {
75} 50. Rxc3 {41} Re2 {74} 51. Rc4 {694} Kh6 {14} 52. Rxg4 {19} Kxh5 {21} 53.
Rc4 {2} a4 {25} 54. Kf3 {40} Rd2 {18} 55. g4+ {178} Kg5 {10} 56. Rc5+ {47} Kg6
{51} 57. c3 {81} a3 {25} 58. Ke4 {22} Rg2 {34} 59. Rc6+ {183} Kf7 {6} 60. Ra6 {
118} Rxg4+ {13} 61. Kd5 {1} Rg5+ {18} 62. Kc4 {1} Ke7 {15} 63. Rxa3 {32} Kd6 {6
} 64. Ra7 {24} Kc6 {7} 65. Ra6+ {15} Kc7 {15} 66. Kb4 {3} Kb7 {28} 67. Re6 {4}
Kc7 {47} 68. c4 {4} Rh5 {62} 69. Ra6 {14} Rg5 {36} 70. Ra7+ {18} Kc6 {7} 71.
Rh7 {7} Rf5 {10} 72. Rh6+ {2} Kc7 {9} 1/2-1/2

[Event "Top 16 Groupe B"]
[Site "Chartres, France"]
[Date "2024.06.04"]
[Round "6.8"]
[White "Maisuradze, Nino"]
[Black "Vigneau-Zorraquino, Cioran"]
[Result "1-0"]
[WhiteElo "2189"]
[BlackElo "2057"]
[PlyCount "89"]
[EventDate "2024.??.??"]

1. d4 {45} d5 {2} 2. Nf3 {17} Nf6 {2} 3. e3 {95} Bf5 {249} 4. Be2 {50} c6 {477}
5. O-O {103} h6 {116} 6. b3 {119} e6 {15} 7. Bb2 {30} Nbd7 {192} 8. c4 {52} Be7
{56} 9. Nc3 {33} O-O {153} 10. Rc1 {193} a6 {599} 11. Nd2 {1708} Bh7 {451} 12.
Bf3 {671} b5 {552} 13. Qe2 {235} Rb8 {519} 14. cxd5 {125} cxd5 {8} 15. a3 {1125
} Re8 {178} 16. Rfd1 {64} Qb6 {72} 17. e4 {334} dxe4 {924} 18. Ncxe4 {375} Nxe4
{450} 19. Nxe4 {30} Rbc8 {31} 20. b4 {211} Nf6 {399} 21. Rxc8 {55} Rxc8 {3} 22.
Nc5 {6} Bf8 {178} 23. d5 {90} Nxd5 {24} 24. Bxd5 {33} exd5 {3} 25. Rxd5 {44}
Qc6 {136} 26. Qd2 {80} Qg6 {273} 27. h3 {34} Re8 {37} 28. Kh2 {25} Qc6 {23} 29.
Nd7 {29} Be4 {72} 30. Rd4 {30} Be7 {186} 31. Ne5 {25} Qa8 {2} 32. Qf4 {36} Bd5
{45} 33. Ng4 {47} Bg5 {36} 34. Qg3 {32} h5 {113} 35. h4 {17} hxg4 {11} 36. hxg5
{5} Be6 {8} 37. Qe5 {40} Qb8 {1} 38. Rd6 {37} f6 {70} 39. gxf6 {23} Bf7 {13}
40. Qg3 {50} Re2 {97} 41. Be5 {345} Qe8 {634} 42. Bc3 Be6 {127} 43. fxg7 {127}
Rc2 {95} 44. Rxe6 {136} Qxe6 {25} 45. Qb8+ {14} 1-0

[Event "Top 16 Groupe B"]
[Site "Chartres, France"]
[Date "2024.06.04"]
[Round "6.9"]
[White "Ivanchuk, Vasyl"]
[Black "Korobov, Anton"]
[Result "1/2-1/2"]
[WhiteElo "2609"]
[BlackElo "2651"]
[PlyCount "37"]
[EventDate "2024.??.??"]

1. Nf3 {2} d5 {21} 2. e3 {9} Nf6 {71} 3. c4 {11} e6 {8} 4. Nc3 {59} Bd6 {31} 5.
b3 {44} Nbd7 {134} 6. Bb2 {79} c6 {8} 7. Be2 {390} O-O {121} 8. O-O {192} Re8 {
454} 9. Rc1 {184} e5 {163} 10. cxd5 {45} Nxd5 {5} 11. d3 {236} Nxc3 {121} 12.
Bxc3 {3} Nf6 {14} 13. Qc2 {84} Bg4 {516} 14. h3 {414} Bh5 {149} 15. g4 {22} Bg6
{92} 16. Nh4 {184} Nd5 {429} 17. Nxg6 {10} hxg6 {23} 18. Bf3 {49} Nxc3 {293}
19. Qxc3 {13} 1/2-1/2

[Event "Top 16 Groupe B"]
[Site "Chartres, France"]
[Date "2024.06.04"]
[Round "6.10"]
[White "Grandelius, Nils"]
[Black "Shevshenko, Alexey"]
[Result "1-0"]
[WhiteElo "2664"]
[BlackElo "2214"]
[PlyCount "107"]
[EventDate "2024.??.??"]

1. e4 {15} c5 {13} 2. Nf3 {16} Nc6 {7} 3. Bb5 {35} e6 {34} 4. c3 {12} d5 {48}
5. d3 {32} Bd7 {526} 6. Bf4 {141} Nf6 {562} 7. Nbd2 {71} Qb6 {373} 8. Ba4 {722}
Qa6 {918} 9. Bc2 {528} d4 {346} 10. cxd4 {571} cxd4 {90} 11. O-O {135} Nh5 {434
} 12. Be5 {167} Nxe5 {69} 13. Nxe5 {146} Nf6 {2} 14. Nb3 {462} Bd6 {420} 15.
Nc4 {268} Nxe4 {666} 16. Qf3 {850} Nc5 {394} 17. Nxc5 {76} Bxc5 {2} 18. Ne5 {33
} Rf8 {6} 19. Rac1 {422} Bd6 {49} 20. Nxd7 {172} Kxd7 {7} 21. Bb3 {11} Rac8 {
388} 22. Qe4 {74} g6 {72} 23. Qxd4 {140} Qa5 {99} 24. g3 {125} h5 {23} 25. Qe4
{193} Qb4 {149} 26. d4 {8} Rxc1 {15} 27. Rxc1 Rc8 {16} 28. Rxc8 {151} Kxc8 {3}
29. Qf3 {25} Qe1+ {146} 30. Kg2 {80} f5 {29} 31. Qc3+ {576} Qxc3 {6} 32. Bxe6+
{5} Kd8 {2} 33. bxc3 {8} Ke7 {6} 34. Bc8 {6} b6 {54} 35. Kf3 {6} Kf6 {206} 36.
h4 {137} g5 {189} 37. Bd7 {23} Kg6 {111} 38. Be8+ {68} Kh6 {1} 39. Bd7 {37} g4+
{103} 40. Ke3 {27} f4+ {23} 41. gxf4 {46} Be7 {187} 42. c4 {976} Bxh4 {138} 43.
c5 {295} bxc5 {274} 44. dxc5 {1} Bd8 {4} 45. Ke4 {32} Kg7 {316} 46. Kf5 {153}
Kf7 {115} 47. c6 {56} a6 {160} 48. a3 {97} a5 {289} 49. a4 {4} Bc7 {85} 50. Kg5
{30} Ke7 {12} 51. Kxh5 {135} Bxf4 {9} 52. Kxg4 {6} Bc7 {22} 53. Kf5 {5} Kf7 {15
} 54. Ke4 {29} 1-0

[Event "Top 16 Groupe B"]
[Site "Chartres, France"]
[Date "2024.06.04"]
[Round "6.11"]
[White "Mamedov, Rauf"]
[Black "Salgado Lopez, Ivan"]
[Result "1/2-1/2"]
[WhiteElo "2651"]
[BlackElo "2608"]
[PlyCount "42"]
[EventDate "2024.??.??"]

1. e4 {5} e5 {7} 2. Nf3 {11} Nc6 {7} 3. Bc4 {124} Bc5 {16} 4. c3 {117} Nf6 {28}
5. d3 {8} d6 {72} 6. Nbd2 {8} a5 {80} 7. h3 {32} O-O {171} 8. O-O {289} h6 {133
} 9. Re1 {74} Be6 {124} 10. Bb5 {40} Qb8 {98} 11. Nf1 {226} Qa7 {51} 12. Re2 {
547} a4 {196} 13. Ng3 {311} Qa5 {201} 14. Bxc6 {161} bxc6 {12} 15. d4 {155} Bb6
{348} 16. Be3 {278} Rfe8 {188} 17. Qc1 {329} Kh7 {213} 18. Qc2 {157} Kh8 {36}
19. Ree1 {431} Kg8 {554} 20. Qc1 {311} Kh7 {12} 21. Qc2 {19} Kg8 {7} 1/2-1/2

[Event "Top 16 Groupe B"]
[Site "Chartres, France"]
[Date "2024.06.04"]
[Round "6.12"]
[White "David, Alberto"]
[Black "Maurizzi, Marc Andria"]
[Result "0-1"]
[WhiteElo "2509"]
[BlackElo "2617"]
[PlyCount "78"]
[EventDate "2024.??.??"]

1. c4 {3} e5 {7} 2. g3 {21} Nf6 {16} 3. Bg2 {100} h6 {27} 4. d3 {438} Bb4+ {880
} 5. Nd2 {188} O-O {203} 6. a3 {400} Bxd2+ {87} 7. Bxd2 {13} c6 {30} 8. Bc3 {
586} Re8 {83} 9. Nf3 {26} d6 {58} 10. O-O {33} Be6 {328} 11. e4 {927} Nbd7 {159
} 12. h3 {360} a5 {320} 13. Re1 {632} a4 {114} 14. Nd2 {188} Qb6 {240} 15. Rb1
{7} Qa7 {99} 16. Re2 {224} b5 {111} 17. cxb5 {44} cxb5 {39} 18. Nf3 {18} Nc5 {
237} 19. Qd2 {129} Qa6 {207} 20. Bb4 {111} Nb3 {226} 21. Qe1 {232} Rac8 {212}
22. Rd1 {35} Qb6 {274} 23. Bc3 {33} Nh7 {268} 24. d4 {418} Ng5 {125} 25. Nxg5 {
219} hxg5 {64} 26. d5 {7} Bd7 {3} 27. Kh2 {8} f6 {201} 28. f4 {150} b4 {464}
29. Bxb4 {155} gxf4 {242} 30. gxf4 {4} exf4 {3} 31. Qh4 {318} Rc1 {261} 32.
Rxc1 {272} Nxc1 {19} 33. Rd2 {32} Qe3 {147} 34. Rc2 {22} Ne2 {245} 35. Rxe2 {24
} Qxe2 {2} 36. Qxf4 {7} Qxb2 {65} 37. Bxd6 Rc8 {56} 38. Bb4 {73} Rc2 {41} 39.
Qg3 {28} Bb5 {58} 0-1

[Event "Top 16 Groupe B"]
[Site "Chartres, France"]
[Date "2024.06.04"]
[Round "6.13"]
[White "Lagarde, Maxime"]
[Black "Velten, Paul"]
[Result "1-0"]
[WhiteElo "2622"]
[BlackElo "2488"]
[PlyCount "83"]
[EventDate "2024.??.??"]

1. e4 {1} e6 {143} 2. d4 {6} d5 {7} 3. Nc3 {3} Nf6 {92} 4. e5 {14} Nfd7 {23} 5.
f4 {4} c5 {15} 6. Nf3 {5} Nc6 {13} 7. Be3 {4} a6 {31} 8. Qd2 {7} Be7 {39} 9.
Bd3 {25} b5 {68} 10. Qf2 {25} O-O {202} 11. dxc5 {90} f6 {16} 12. exf6 {48}
Nxf6 {24} 13. O-O-O {34} Qa5 {20} 14. Nd4 {33} Nxd4 {69} 15. Bxd4 {4} b4 {7}
16. Ne2 {17} Qxa2 {34} 17. b3 {19} Bd7 {25} 18. c6 {8} Be8 {19} 19. Qe3 {9} Ne4
{423} 20. Ng3 {28} Bxc6 {2424} 21. Nxe4 {568} dxe4 {17} 22. Bxe4 {17} Bxe4 {9}
23. Qxe4 {9} Kh8 {19} 24. Rd3 {1400} Rad8 {1054} 25. Rhd1 {536} Rxd4 {111} 26.
Qxd4 {187} h6 {28} 27. Qb2 {1165} Qa5 {36} 28. Qe5 {18} Qb6 {313} 29. Rd7 {552}
Bf6 {94} 30. Qc7 {207} Qe3+ {112} 31. Kb1 {37} a5 {17} 32. R7d3 {193} Qf2 {175}
33. R3d2 {79} Qe3 {28} 34. Rd3 {210} Qf2 {28} 35. g4 {44} Qxh2 {376} 36. Qc5 {
49} Kg8 {50} 37. Qe3 {200} e5 {155} 38. g5 {30} hxg5 {17} 39. fxg5 {19} Be7 {8}
40. Rd7 {260} Qh5 {123} 41. Qxe5 {85} Rf7 {15} 42. Qe6 {119} 1-0

[Event "Top 16 Groupe B"]
[Site "Chartres, France"]
[Date "2024.06.04"]
[Round "6.14"]
[White "Lucas, Arthur"]
[Black "Bauer, Christian"]
[Result "1-0"]
[WhiteElo "2323"]
[BlackElo "2572"]
[PlyCount "71"]
[EventDate "2024.??.??"]

1. e4 {3} c5 {16} 2. Nf3 {72} Nc6 {66} 3. Bc4 {69} e6 {461} 4. O-O {7} a6 {62}
5. d4 {59} cxd4 {53} 6. Nxd4 {6} Qc7 {92} 7. Nxc6 {33} bxc6 {81} 8. Qe2 {21}
Bb7 {667} 9. Nc3 {1081} Ne7 {282} 10. e5 {104} c5 {198} 11. Bf4 {1361} Nf5 {
1623} 12. Ne4 {434} Nd4 {605} 13. Qd3 {12} f6 {103} 14. Nd6+ {506} Bxd6 {4} 15.
exd6 {4} Qc6 {23} 16. f3 {5} g5 {169} 17. Bg3 {1334} g4 {146} 18. c3 {377} Nf5
{116} 19. Rae1 {194} O-O-O {96} 20. Qe4 {141} Qb6 {338} 21. Qxg4 {29} Rhg8 {298
} 22. Qf4 {37} Rg6 {321} 23. Bf2 {196} Rdg8 {115} 24. g3 {6} Nxd6 {117} 25.
Rxe6 {55} dxe6 {30} 26. Bxe6+ {4} Kb8 {30} 27. Bxg8 {22} Rxg8 {3} 28. Rd1 {65}
Rd8 {17} 29. b4 {19} Ka8 {134} 30. bxc5 {32} Nc4 {35} 31. cxb6 {32} Rxd1+ {1}
32. Kg2 {8} Ne5 {15} 33. Qxf6 {35} Bxf3+ {62} 34. Kh3 {7} Rd5 {33} 35. Bd4 {65}
Bg4+ {32} 36. Kh4 {31} 1-0

[Event "Top 16 Groupe B"]
[Site "Chartres, France"]
[Date "2024.06.04"]
[Round "6.15"]
[White "Guliyev, Namig"]
[Black "Bournel, Antoine"]
[Result "1-0"]
[WhiteElo "2483"]
[BlackElo "2324"]
[PlyCount "91"]
[EventDate "2024.??.??"]

1. e4 {3} c6 {223} 2. d4 {35} d5 {15} 3. exd5 {100} cxd5 {8} 4. Bd3 {4} Nf6 {69
} 5. c3 {76} Bg4 {54} 6. Ne2 {178} e6 {1012} 7. Qb3 {232} Qd7 {389} 8. Bf4 {50}
Nc6 {61} 9. Nd2 {106} Bh5 {647} 10. O-O {58} Bg6 {145} 11. Bxg6 {488} hxg6 {68}
12. Rae1 {6} Bd6 {205} 13. Nf3 {249} Ne4 {208} 14. g3 {268} Bxf4 {398} 15. Nxf4
{86} g5 {58} 16. Nd3 {60} f6 {151} 17. Rxe4 {653} dxe4 {129} 18. Nc5 {27} Qd5 {
1291} 19. c4 {389} Qf5 {159} 20. Qxb7 {70} Nd8 {192} 21. Qxa8 {261} exf3 {26}
22. Re1 {21} O-O {383} 23. Qe4 {178} Qxe4 {39} 24. Rxe4 {43} Kf7 {25} 25. h3 {
66} Rh8 {94} 26. Re3 {41} Nc6 {80} 27. Nxe6 {37} Rxh3 {12} 28. Rxf3 {9} Kxe6 {
29} 29. d5+ {6} Kd6 {17} 30. dxc6 {7} Kxc6 {38} 31. Ra3 {63} Kb6 {29} 32. c5+ {
5} Kxc5 {37} 33. Rxa7 {5} Rh8 {11} 34. Rxg7 {18} Rb8 {57} 35. Rf7 {8} Rb6 {35}
36. Rc7+ {52} Kd4 {44} 37. b3 {6} Kd3 {44} 38. Rc4 {35} Re6 {40} 39. g4 {29}
Re2 {37} 40. Rc6 {24} Rxa2 {23} 41. Rxf6 {5} Rb2 {247} 42. Rf5 {24} Ke4 {94}
43. Kg2 {25} Rxb3 {101} 44. f3+ {11} Ke3 {15} 45. Re5+ {6} Kd4 {49} 46. Rxg5 {8
} 1-0

[Event "Top 16 Groupe B"]
[Site "Chartres, France"]
[Date "2024.06.04"]
[Round "6.16"]
[White "Afraoui, Anaelle"]
[Black "Daulyte-Cornette, Deimante"]
[Result "0-1"]
[WhiteElo "2145"]
[BlackElo "2381"]
[PlyCount "98"]
[EventDate "2024.??.??"]

1. e4 {15} e5 {11} 2. Nf3 {8} Nc6 {8} 3. Bb5 {7} a6 {8} 4. Ba4 {4} Bc5 {13} 5.
c3 {220} Nge7 {27} 6. O-O {51} Ba7 {21} 7. h3 {267} O-O {257} 8. d3 {172} d5 {
362} 9. exd5 {297} Qxd5 {27} 10. Qe2 {221} Bf5 {104} 11. Bc2 {191} Rad8 {367}
12. Rd1 {23} h6 {490} 13. Be3 {337} Ng6 {150} 14. Bxa7 {399} Nxa7 {25} 15. Qe3
{38} Nc6 {119} 16. Bb3 {111} Qd6 {792} 17. d4 {107} Rfe8 {31} 18. d5 {609} Na5
{461} 19. c4 {51} Nxb3 {410} 20. axb3 {10} Nf4 {16} 21. Nh4 {289} Bh7 {564} 22.
Nd2 {654} e4 {144} 23. g4 {652} Qe5 {170} 24. Nf1 {230} Rd6 {677} 25. Rd2 {152}
Rf6 {34} 26. Qg3 {133} g5 {308} 27. Ng2 {29} Nd3 {212} 28. Qxe5 {144} Nxe5 {22}
29. Ne1 {64} Rb6 {70} 30. Ra3 {320} h5 {19} 31. Ne3 {62} hxg4 {17} 32. hxg4 {6}
Rh6 {199} 33. Kg2 {255} Kg7 {85} 34. c5 {52} Rh4 {74} 35. d6 {158} cxd6 {21}
36. cxd6 {8} Nxg4 {29} 37. Ra5 {87} Nxe3+ {38} 38. fxe3 {6} f5 {85} 39. Rc5 {33
} Kf6 {169} 40. Rc7 f4 {41} 41. Nc2 {394} Bf5 {351} 42. d7 {378} Rd8 {31} 43.
Nb4 {65} f3+ {330} 44. Kg1 {19} g4 {37} 45. Nd5+ {88} Kg5 {149} 46. Ne7 {450}
g3 {302} 47. Rc5 {287} f2+ {60} 48. Kg2 {22} Rh2+ {11} 49. Kxg3 {5} f1=N# {9}
0-1

[Event "Top 16 Groupe B"]
[Site "Chartres, France"]
[Date "2024.06.04"]
[Round "6.17"]
[White "Niemann, Hans Moke"]
[Black "Neiksans, Arturs"]
[Result "1-0"]
[WhiteElo "2688"]
[BlackElo "2575"]
[PlyCount "81"]
[EventDate "2024.??.??"]

1. e4 {171} c5 {12} 2. Nf3 {9} Nc6 {10} 3. Bb5 {19} g6 {33} 4. Bxc6 {84} dxc6 {
52} 5. d3 {180} Bg7 {12} 6. h3 {24} Nf6 {174} 7. Nc3 {189} b6 {323} 8. a4 {77}
a5 {296} 9. Be3 {30} Qc7 {449} 10. Qd2 {51} e5 {171} 11. Bh6 {63} O-O {63} 12.
g4 {258} Be6 {387} 13. Bxg7 {469} Kxg7 {15} 14. Ng5 {35} Bd7 {539} 15. O-O-O {
34} b5 {94} 16. Ne2 {1043} Qd6 {883} 17. f4 {69} exf4 {265} 18. Nf3 {91} Ng8 {
284} 19. Nxf4 {55} f6 {29} 20. d4 {346} cxd4 {970} 21. Nxd4 {7} Kh8 {8} 22.
Nxb5 {80} Qxd2+ {113} 23. Rxd2 {4} cxb5 {6} 24. Rxd7 {5} bxa4 {4} 25. Rhd1 {15}
Rae8 {195} 26. R1d4 {94} Re7 {151} 27. Rxe7 {11} Nxe7 {4} 28. Rxa4 {4} Nc6 {4}
29. Rc4 {47} Ne5 {14} 30. Rc5 {172} Ra8 {18} 31. Nd5 {39} Kg7 {180} 32. g5 {242
} fxg5 {100} 33. Nc7 {76} Rc8 {7} 34. Ne6+ Kf6 {4} 35. Rxc8 {5} Kxe6 {4} 36.
Kd2 {47} Nf3+ {33} 37. Ke3 {22} Ng1 {13} 38. Rc6+ {7} Ke5 {63} 39. Rc5+ {11}
Kf6 {6} 40. Rxa5 {9} Nxh3 {6} 41. b4 {3} 1-0

[Event "Top 16 Groupe B"]
[Site "Chartres, France"]
[Date "2024.06.04"]
[Round "6.18"]
[White "Kulaots, Kaido"]
[Black "Tabatabaei, M. Amin"]
[Result "0-1"]
[WhiteElo "2520"]
[BlackElo "2707"]
[PlyCount "80"]
[EventDate "2024.??.??"]

1. e4 {6} c5 {11} 2. Nf3 {7} d6 {16} 3. d4 {19} cxd4 {7} 4. Nxd4 {3} Nf6 {6} 5.
Nc3 {4} a6 {9} 6. Bc4 {53} e6 {19} 7. Be3 {23} Be7 {436} 8. Bb3 {189} b5 {82}
9. Qf3 {156} Qc7 {343} 10. g4 {97} b4 {382} 11. Nce2 {47} Bb7 {424} 12. Nf4 {
222} Bxe4 {264} 13. Qh3 {16} g5 {715} 14. Nfxe6 {2359} fxe6 {6} 15. Nxe6 {1473}
Qc6 {29} 16. Nd4 {419} Qb7 {99} 17. f3 {88} Bd5 {35} 18. Bxg5 {132} Bxb3 {165}
19. axb3 {10} Nc6 {30} 20. O-O-O {189} Nxd4 {181} 21. Rxd4 {6} O-O {58} 22. Bh6
{105} Rf7 {160} 23. g5 {55} Ne8 {35} 24. Rf1 {222} Ng7 {595} 25. Bxg7 {35} Rxg7
{21} 26. f4 {36} a5 {81} 27. Re1 {171} Kh8 {44} 28. Rde4 {79} d5 {340} 29. Re6
{29} Qc7 {12} 30. Kb1 {17} a4 {70} 31. bxa4 {35} Rxa4 {4} 32. Qe3 {42} Qa5 {
1124} 33. Kc1 {11} Ra1+ {36} 34. Kd2 {3} b3+ {4} 35. c3 {66} Qa2 {40} 36. Rxe7
{37} Qxb2+ {4} 37. Kd3 {4} Qc2+ {7} 38. Kd4 {4} Rxe7 {10} 39. Qxe7 {25} Qd2+ {
231} 40. Kc5 {10} Qxc3+ {6} 0-1

[Event "Top 16 Groupe B"]
[Site "Chartres, France"]
[Date "2024.06.04"]
[Round "6.19"]
[White "Van Foreest, Lucas"]
[Black "Marcelin, Cyril"]
[Result "1/2-1/2"]
[WhiteElo "2505"]
[BlackElo "2452"]
[PlyCount "39"]
[EventDate "2024.??.??"]

1. d4 {9} d5 {40} 2. c4 {15} e6 {7} 3. Nf3 {8} Nd7 {22} 4. g3 {44} dxc4 {25} 5.
Bg2 {24} Rb8 {121} 6. O-O {32} b5 {55} 7. e4 {834} Ngf6 {137} 8. e5 {695} Nd5 {
41} 9. Ng5 {9} N7b6 {1780} 10. Nc3 {156} Nxc3 {613} 11. bxc3 {31} Be7 {235} 12.
Qh5 {38} Bxg5 {67} 13. Bc6+ {20} Bd7 {120} 14. Bxg5 {9} Qc8 {1120} 15. Bg2 {10}
Nd5 {47} 16. Bd2 {46} O-O {477} 17. Be4 {19} f5 {34} 18. Bxd5 {252} exd5 {5}
19. a4 {17} bxa4 {177} 20. e6 {58} 1/2-1/2

[Event "Top 16 Groupe B"]
[Site "Chartres, France"]
[Date "2024.06.04"]
[Round "6.20"]
[White "Brunello, Sabino"]
[Black "Shchekachev, Andrei"]
[Result "1-0"]
[WhiteElo "2507"]
[BlackElo "2492"]
[PlyCount "125"]
[EventDate "2024.??.??"]

1. e4 {2} c5 {282} 2. Nf3 {10} d6 {44} 3. d4 {15} cxd4 {18} 4. Nxd4 {2} Nf6 {31
} 5. Nc3 {4} a6 {336} 6. Be3 {18} Nc6 {164} 7. f3 {113} e5 {574} 8. Nb3 {41}
Be6 {8} 9. Nd5 {347} Bxd5 {179} 10. exd5 {2} Ne7 {54} 11. c4 {12} g6 {252} 12.
Bd3 {88} Bg7 {99} 13. O-O {124} O-O {62} 14. g4 {600} b5 {253} 15. Rc1 {178} a5
{567} 16. g5 {559} Nh5 {368} 17. Be4 {61} bxc4 {1328} 18. Rxc4 {187} a4 {21}
19. Nc1 {86} Qd7 {95} 20. Ne2 {621} Rfc8 {99} 21. Rxc8+ {208} Rxc8 {17} 22. Qd3
{644} f5 {344} 23. gxf6 {10} Nxf6 {7} 24. Nc3 {168} Nf5 {322} 25. Bxf5 {339}
gxf5 {29} 26. Kh1 {193} Kh8 {108} 27. Rg1 {232} Rb8 {138} 28. Rg2 {90} Rc8 {140
} 29. a3 {37} Re8 {87} 30. Kg1 {533} e4 {148} 31. fxe4 {2} Ng4 {8} 32. Bc1 {582
} Qa7+ {55} 33. Kf1 {31} Ne5 {53} 34. Qg3 {35} Rf8 {24} 35. Ke2 {198} Qa6+ {60}
36. Kd1 {30} Ng6 {55} 37. exf5 {17} Qf1+ {26} 38. Kc2 {7} Rxf5 {32} 39. Re2 {77
} Be5 {54} 40. Qd3 {98} Rf3 {29} 41. Qc4 {614} Rh3 {805} 42. Bd2 {534} Qf5+ {
278} 43. Qe4 {203} Qxe4+ {93} 44. Nxe4 {147} Nf4 {26} 45. Bxf4 {240} Bxf4 {2}
46. Nc3 {16} Rxh2 {452} 47. Rxh2 {7} Bxh2 {3} 48. Kd3 {47} Kg7 {41} 49. Nxa4 {
22} h5 {12} 50. Ke4 {78} Kf6 {62} 51. Nb6 {72} h4 {92} 52. Nc4 {129} h3 {70}
53. Kf3 {76} Bg1 {43} 54. a4 {18} h2 {33} 55. Kg2 {1} Kf5 {85} 56. a5 {62} Ke4
{6} 57. Nb6 {5} Kd3 {33} 58. Kh1 {64} Bd4 {154} 59. Kxh2 {43} Kc2 {31} 60. Kg2
{35} Kxb2 {69} 61. Kf3 {7} Kb3 {21} 62. Ke4 {10} Bf2 {40} 63. Nc8 {6} 1-0

[Event "Top 16 Groupe B"]
[Site "Chartres, France"]
[Date "2024.06.04"]
[Round "6.21"]
[White "Abergel, Thal"]
[Black "Chabanon, Jean-Luc"]
[Result "1-0"]
[WhiteElo "2390"]
[BlackElo "2400"]
[PlyCount "137"]
[EventDate "2024.??.??"]

1. d4 {136} Nf6 {104} 2. Nf3 {10} g6 {84} 3. Nc3 {8} d5 {49} 4. Bf4 {4} Bg7 {50
} 5. e3 {6} O-O {135} 6. Be2 {15} c6 {376} 7. Ne5 {67} Nbd7 {505} 8. Qd2 {409}
Nxe5 {985} 9. Bxe5 {60} b5 {903} 10. f3 {228} a5 {166} 11. h4 {81} h5 {46} 12.
Bd3 {43} a4 {128} 13. Ne2 {357} Nd7 {680} 14. Bxg7 {246} Kxg7 {1} 15. g4 {81}
hxg4 {38} 16. fxg4 {53} Nf6 {34} 17. g5 {50} Nh5 {172} 18. O-O-O {220} Qd6 {19}
19. Nf4 {241} Rh8 {36} 20. Qf2 {191} Bd7 {469} 21. Rdf1 {131} Nxf4 {63} 22.
exf4 {23} e6 {46} 23. Qe3 {313} Rh7 {207} 24. Be2 {163} Rc8 {190} 25. c3 {330}
Rf8 {69} 26. Qe5+ {667} Qxe5 {69} 27. fxe5 Rg8 {96} 28. Rf4 {395} Kf8 {46} 29.
Kd2 {153} Ke7 {24} 30. Ke3 {50} Rhg7 {77} 31. Rhf1 {67} Rh8 {36} 32. Kf3 {25}
Rb8 {30} 33. a3 {85} Ra8 {56} 34. Kg3 {70} Rh8 {7} 35. Rf6 {85} Be8 {20} 36.
R1f4 {36} Bd7 {11} 37. Bd1 {30} Be8 {11} 38. b3 {505} axb3 {25} 39. Bxb3 {2}
Bd7 {27} 40. a4 {20} bxa4 {149} 41. Bxa4 {16} Ra8 {175} 42. Bd1 {43} Ra3 {371}
43. Rf3 {17} Ra1 {92} 44. Rf1 {272} Be8 {115} 45. R6f2 {212} Ra3 {26} 46. Rf3 {
25} Bd7 {74} 47. Bc2 {143} Ra2 {48} 48. Bb1 {92} Ra3 {46} 49. R1f2 {66} Rb3 {
127} 50. Bc2 {162} Ra3 {78} 51. Kg4 {72} Ra1 {107} 52. Rf1 {167} Rxf1 {144} 53.
Rxf1 {18} Rg8 {7} 54. Ra1 {72} Rb8 {18} 55. Ra2 {315} Kf8 {109} 56. h5 {144}
gxh5+ {17} 57. Kxh5 {10} Ke7 {381} 58. Kh6 {176} Rh8+ {103} 59. Bh7 {36} Rb8 {
297} 60. Kg7 {288} Rb3 {5} 61. Rf2 {45} Be8 {31} 62. Bg8 {24} Rxc3 {182} 63.
Bxf7 {9} Bd7 {3} 64. g6 {38} Rh3 {104} 65. Kg8 {59} c5 {38} 66. dxc5 {64} d4 {5
} 67. g7 {177} Rh6 {89} 68. c6 {163} Bxc6 {23} 69. Rf6 {10} 1-0